LEADER 01127nam a2200277 i 4500 001 000000069496 003 CaOOAMICUS 005 20240723152751.0 008 131007s1778 it u000 u ita u 013 $a40668 026 $a0.u- i.ri nee, glne (3) 1778 (R) 040 $aSeMil$bita 100 1 $aCarli, Gian Rinaldo,$d<1720-1795>.$0(OLS)http://semarc/name/2762 245 12$aL'uomo libero o sia ragionamento sulla libertà naturale e civile dell'uomo. 260 $aLione [i.e. Firenze] :$b[s.n.],$c1778. 300 $a182, [2] p. ;$c12º. 500 $aSegn.: A-G12 H8 chi1. - La chi1 contiene l'errata. 500 $aPer l'autore ed il luogo di ed. vedi Parenti, p. 111 500 $aVignetta xilogr. sul front. 850 $aSeMil 852 $aSeMil$W1$xVenegono$y1$m2P I 71 FA$j35649$B35649$CSeMilBibl$Z2$F35652 $8I 941 1 $a10 961 $aRecupero: Mantegazza 996 $6245$aL'uomo libero o sia ragionamento sulla libertà naturale e civile dell'uomo$9(OLS)http://semarc/title/111277 996 $6260$aLione [i.e. Firenze] :$b[s.n.]$9(OLS)http://semarc/publisher/42850 LEADER 00667naa a2200145 i 4500 001 000000303519 003 CaOOAMICUS 005 20180831172801.0 008 180831n xx u000 u und u 013 $a11299 040 $aSeMil$bita 100 1 $aPavan, Vincenzo.$0(OLS)http://semarc/name/51773 245 10$aA proposito della riforma liturgica e del senso dinamico dell'ant i Bari. [S.l.] :$bEDIPUGLIA, (stampa 1988). P. 677-687. 773 0 $tSapientia et eloquentia.$d[Bari] : Edipuglia, stampa 1988.$w()38364 996 $6245$aA proposito della riforma liturgica e del senso dinamico dell'ant i Bari. [S.l.] :$bEDIPUGLIA, (stampa 1988). P. 677-687.$9(OLS)http://semarc/title/379485